| 000 | 00706nam a22001937a 4500 | ||
|---|---|---|---|
| 999 |
_c181093 _d181093 |
||
| 005 | 20210831123610.0 | ||
| 010 | _aUR-11216 | ||
| 020 |
_c500.00 _a9789390789108 |
||
| 035 | _aU-9771 | ||
| 037 | _bDBAD/PUB | ||
| 082 | _a808.88 | ||
| 100 | _aمنظو ر حسين کما ر | ||
| 245 |
_aشفق سو پو ر ی : حيا ت ا و ر کا ر نا مے _cمنظو ر حسين کما ر |
||
| 246 |
_aShafaq So Puri Hyat Aur Karname (Urdu) _bby Manzoor Hussain Kumar |
||
| 260 |
_aDelhi _c2021 ء _bEducational Publishing House |
||
| 270 |
_a3191,Vakil Street, Kucha Pandit Lal Kuan, _b Delhi _e110006 _l23216162 |
||
| 300 |
_a238 ص _c22 Cm(Hb) |
||
| 942 |
_2ddc _cUR _h808.88 _mم ن ظ |
||